| 000 | 00360nam a2200133Ia 4500 | ||
|---|---|---|---|
| 008 | 240112s1956 AUG xx 000 0 und d | ||
| 022 | _a54-6097 | ||
| 041 | _aeng | ||
| 082 | _a618.92705 | ||
| 100 | _aBOWEN E.J. | ||
| 245 | _aPEDIATRIC CLINICS OF NORTH NAMERICA: SYMPOSIUM AN PEDIATRIC DERMATOLOGY | ||
| 260 |
_bSAUNDERS _c1956 AUG |
||
| 300 | _a844,HB | ||
| 999 |
_c1141484 _d1141484 |
||